<?xml version="1.0" encoding="UTF-8"?>
<record
    xmlns:xsi="http://www.w3.org/2001/XMLSchema-instance"
    xsi:schemaLocation="http://www.loc.gov/MARC21/slim http://www.loc.gov/standards/marcxml/schema/MARC21slim.xsd"
    xmlns="http://www.loc.gov/MARC21/slim">

  <leader>01846nam a2200241 a 4500</leader>
  <controlfield tag="001">000000701</controlfield>
  <controlfield tag="005">20260212122153.0</controlfield>
  <controlfield tag="008">090422s2004    dr            000 0 spa d</controlfield>
  <datafield tag="040" ind1=" " ind2=" ">
    <subfield code="a">DO-SdBNP</subfield>
    <subfield code="b">spa</subfield>
    <subfield code="c">BNPHU</subfield>
  </datafield>
  <datafield tag="082" ind1=" " ind2=" ">
    <subfield code="a">306.8</subfield>
    <subfield code="b">P592h</subfield>
  </datafield>
  <datafield tag="100" ind1="1" ind2=" ">
    <subfield code="a">Pichardo de Aza, Carlos</subfield>
    <subfield code="9">2390</subfield>
  </datafield>
  <datafield tag="245" ind1="1" ind2="3">
    <subfield code="a">El hogar m&#xE1;s feliz del mundo /</subfield>
    <subfield code="c">Carlos Pichardo de Aza ; pr&#xF3;logo Germ&#xE1;n Aponte V&#xE1;squez.</subfield>
  </datafield>
  <datafield tag="260" ind1=" " ind2=" ">
    <subfield code="a">La Romana, Rep&#xFA;blica Dominicana :</subfield>
    <subfield code="b">Camila,</subfield>
    <subfield code="c">2004.</subfield>
  </datafield>
  <datafield tag="270" ind1=" " ind2=" ">
    <subfield code="a">Impresora Camila.</subfield>
    <subfield code="k">813-5820</subfield>
  </datafield>
  <datafield tag="300" ind1=" " ind2=" ">
    <subfield code="a">147 p. ;</subfield>
    <subfield code="c">20 cm.</subfield>
  </datafield>
  <datafield tag="505" ind1="1" ind2=" ">
    <subfield code="t">Pr&#xF3;logo --</subfield>
    <subfield code="t">Introducci&#xF3;n --</subfield>
    <subfield code="t">&#xCD;ndice --</subfield>
    <subfield code="t">El hogar a la luz de la biblia --</subfield>
    <subfield code="t">C&#xF3;mo lograr elegir el c&#xF3;nyuge ideal --</subfield>
    <subfield code="t">C&#xF3;mo tratar las tres grandes etapas: --</subfield>
    <subfield code="t">El nacimiento --</subfield>
    <subfield code="t">El matrimonio --</subfield>
    <subfield code="t">La muerte --</subfield>
    <subfield code="t">T&#xE9;cnicas para el joven pedir la mano --</subfield>
    <subfield code="t">C&#xF3;mo es un noviazgo perfecto? --</subfield>
    <subfield code="t">Cinco cosas que debe tener un buen c&#xF3;nyuge --</subfield>
    <subfield code="t">La boda --</subfield>
    <subfield code="t">Tres requisitos para las bodas --</subfield>
    <subfield code="t">El sexo : --</subfield>
    <subfield code="t">Comunicaci&#xF3;n sexual --</subfield>
    <subfield code="t">C&#xF3;mo preparar sexualmente a su c&#xF3;nyuge --</subfield>
    <subfield code="t">El acto sexual --</subfield>
    <subfield code="t">&#xBF;Qu&#xE9; es un orgasmo y como se produce? --</subfield>
    <subfield code="t">C&#xF3;mo producir orgasmos simult&#xE1;neos --</subfield>
    <subfield code="t">Cosas que impiden el orgasmo en las mujeres --</subfield>
    <subfield code="t">C&#xF3;mo evitar la r&#xE1;pida eyaculaci&#xF3;n --</subfield>
    <subfield code="t">C&#xF3;mo controlar la eyaculaci&#xF3;n --</subfield>
    <subfield code="t">Largo tiempo en el acto sexual --</subfield>
    <subfield code="t">Tratamiento para producir orgasmos --</subfield>
    <subfield code="t">C&#xF3;mo hacer la luna de miel --</subfield>
    <subfield code="t">Sabios consejos para la pareja --</subfield>
    <subfield code="t">C&#xF3;mo ocurre el embarazo --</subfield>
    <subfield code="t">C&#xF3;mo corregir errores en el matrimonio --</subfield>
    <subfield code="t">Calidad en el matrimonio --</subfield>
    <subfield code="t">Los hijos en el hogar --</subfield>
    <subfield code="t">Problemas de los hijos y su tratamiento --</subfield>
    <subfield code="t">La masturbaci&#xF3;n y la homosexualidad.</subfield>
  </datafield>
  <datafield tag="650" ind1=" " ind2="4">
    <subfield code="a">Matrimonio</subfield>
    <subfield code="x">Aspectos religiosos</subfield>
    <subfield code="9">2391</subfield>
  </datafield>
  <datafield tag="650" ind1=" " ind2="0">
    <subfield code="a">Familias</subfield>
    <subfield code="9">795</subfield>
  </datafield>
  <datafield tag="650" ind1=" " ind2="4">
    <subfield code="a">Elecci&#xF3;n del c&#xF3;nyuge</subfield>
    <subfield code="9">1472</subfield>
  </datafield>
  <datafield tag="650" ind1=" " ind2="0">
    <subfield code="a">Relaciones familiares</subfield>
    <subfield code="9">801</subfield>
  </datafield>
  <datafield tag="650" ind1=" " ind2="4">
    <subfield code="a">Sexo en el matrimonio</subfield>
    <subfield code="9">804</subfield>
  </datafield>
  <datafield tag="700" ind1="1" ind2=" ">
    <subfield code="a">Aponte V&#xE1;squez, Germ&#xE1;n,</subfield>
    <subfield code="9">2392</subfield>
  </datafield>
  <datafield tag="952" ind1=" " ind2=" ">
    <subfield code="0">0</subfield>
    <subfield code="1">0</subfield>
    <subfield code="5">6</subfield>
    <subfield code="7">0</subfield>
    <subfield code="8">DS</subfield>
    <subfield code="a">BNPHU</subfield>
    <subfield code="b">BNPHU</subfield>
    <subfield code="c">HD</subfield>
    <subfield code="d">2009-08-25</subfield>
    <subfield code="i">LF1</subfield>
    <subfield code="l">0</subfield>
    <subfield code="o">306.8 P592h</subfield>
    <subfield code="p">701-30</subfield>
    <subfield code="r">2020-06-25</subfield>
    <subfield code="t">e. 3</subfield>
    <subfield code="w">2020-06-25</subfield>
    <subfield code="y">LF1</subfield>
    <subfield code="Z">Pr&#xE9;stamo interno</subfield>
  </datafield>
  <datafield tag="952" ind1=" " ind2=" ">
    <subfield code="0">0</subfield>
    <subfield code="1">0</subfield>
    <subfield code="7">2</subfield>
    <subfield code="8">PD</subfield>
    <subfield code="a">BNPHU</subfield>
    <subfield code="b">BNPHU</subfield>
    <subfield code="c">HD</subfield>
    <subfield code="d">2009-08-25</subfield>
    <subfield code="i">LF1</subfield>
    <subfield code="l">0</subfield>
    <subfield code="o">306.8 P592h</subfield>
    <subfield code="p">701-10</subfield>
    <subfield code="r">2020-06-25</subfield>
    <subfield code="w">2020-06-25</subfield>
    <subfield code="y">LF1</subfield>
    <subfield code="Z">No se presta</subfield>
  </datafield>
  <datafield tag="952" ind1=" " ind2=" ">
    <subfield code="0">0</subfield>
    <subfield code="1">0</subfield>
    <subfield code="7">2</subfield>
    <subfield code="8">PD</subfield>
    <subfield code="a">BNPHU</subfield>
    <subfield code="b">BNPHU</subfield>
    <subfield code="c">HD</subfield>
    <subfield code="d">2009-08-25</subfield>
    <subfield code="i">LF1</subfield>
    <subfield code="l">0</subfield>
    <subfield code="o">306.8 P592h</subfield>
    <subfield code="p">701-20</subfield>
    <subfield code="r">2020-06-25</subfield>
    <subfield code="t">e. 2</subfield>
    <subfield code="w">2020-06-25</subfield>
    <subfield code="y">LF1</subfield>
    <subfield code="Z">No se presta</subfield>
  </datafield>
  <datafield tag="999" ind1=" " ind2=" ">
    <subfield code="c">697</subfield>
    <subfield code="d">697</subfield>
  </datafield>
</record>
